[Event "Titled Tuesday intern op 16th Apr Late"]
[Site "Chess.com INT"]
[Date "2024.04.16"]
[Round "2"]
[White "Chassard, Cedric"]
[Black "Manolache, Marius"]
[Result "1-0"]
[WhiteElo "2254"]
[BlackElo "2388"]
[PlyCount "25"]
[EventDate "2024.04.16"]
[EventType "swiss (blitz)"]
[EventRounds "11"]
[EventCountry "USA"]
[SourceTitle "CB17_2024"]
[SourceDate "2024.04.24"]
[SourceVersion "1"]
[SourceVersionDate "2024.04.24"]
[SourceQuality "1"]

1. e4 c6 2. d4 d5 3. e5 Bf5 4. Nf3 e6 5. Be2 c5 6. Be3 Qb6 7. Nc3 Nc6 8. 0-0 c4 9. Nh4 Nge7 10. Bxc4 dxc4 11. d5 Qxb2 12. dxc6 Qxc3 13. Qd7# 1-0

[Event "Titled Tuesday intern op 16th Apr Late"]
[Site "Chess.com INT"]
[Date "2024.04.16"]
[Round "10"]
[White "Gao, Raymond"]
[Black "Manolache, Marius"]
[Result "0-1"]
[WhiteElo "2001"]
[BlackElo "2388"]
[PlyCount "58"]
[EventDate "2024.04.16"]
[EventType "swiss (blitz)"]
[EventRounds "11"]
[EventCountry "USA"]
[SourceTitle "CB17_2024"]
[SourceDate "2024.04.24"]
[SourceVersion "1"]
[SourceVersionDate "2024.04.24"]
[SourceQuality "1"]

1. e4 c5 2. Nf3 Nc6 3. Bb5 g6 4. 0-0 Bg7 5. Re1 Nd4 6. Bf1 d6 7. c3 Nxf3+ 8. Qxf3 Nf6 9. h3 Nd7 10. d3 0-0 11. Bf4 b5 12. a4 Qb6 13. axb5 Qxb5 14. Ra2 Qb3 15. Ra1 Qxb2 16. Na3 Qxc3 17. Nc4 Bb7 18. Rab1 Bc6 19. Rec1 Qd4 20. Na5 Rfc8 21. Nxc6 Rxc6 22. Rb7 Ne5 23. Qg3 a5 24. Rxe7 a4 25. Be3 Qb2 26. d4 cxd4 27. Bf4 Rxc1 28. Bxc1 Qxc1 29. Qa3 Qxa3 0-1

[Event "Bucharest Grand Prix op"]
[Site "Bucharest"]
[Date "2024.03.24"]
[Round "5"]
[White "Manolache, Marius"]
[Black "Bologan, Viktor"]
[Result "0-1"]
[WhiteElo "2387"]
[BlackElo "2594"]
[PlyCount "66"]
[EventDate "2024.03.23"]
[EventType "swiss (rapid)"]
[EventRounds "10"]
[EventCountry "ROU"]
[SourceTitle "CB13_2024"]
[SourceDate "2024.03.27"]
[SourceVersion "1"]
[SourceVersionDate "2024.03.27"]
[SourceQuality "1"]

1. d4 d6 2. Nf3 Nf6 3. Nc3 Nbd7 4. e4 e5 5. Be2 g6 6. 0-0 Bg7 7. dxe5 dxe5 8. b3 0-0 9. Ba3 Re8 10. Nd2 a6 11. Nc4 b5 12. Ne3 Bb7 13. Bf3 c6 14. Bd6 Qb6 15. a4 Rad8 16. a5 Qa7 17. Bc7 Rc8 18. Bd6 c5 19. Qe2 Rc6 20. Rad1 Re6 21. Nf5 gxf5 22. exf5 Rexd6 23. Bxc6 Rxd1 24. Rxd1 Bxc6 25. g4 Qb7 26. Rd3 e4 27. Rg3 Ne5 28. g5 Nf3+ 29. Kh1 e3 30. Qxe3 Nd4+ 31. Kg1 Nxf5 32. Qf4 Nxg3 33. gxf6 Nh5 0-1

[Event "Bucharest Grand Prix op"]
[Site "Bucharest"]
[Date "2024.03.24"]
[Round "10"]
[White "Moroni, Luca Jr"]
[Black "Manolache, Marius"]
[Result "1/2-1/2"]
[WhiteElo "2580"]
[BlackElo "2387"]
[PlyCount "140"]
[EventDate "2024.03.23"]
[EventType "swiss (rapid)"]
[EventRounds "10"]
[EventCountry "ROU"]
[SourceTitle "CB13_2024"]
[SourceDate "2024.03.27"]
[SourceVersion "1"]
[SourceVersionDate "2024.03.27"]
[SourceQuality "1"]

1. d4 Nf6 2. c4 c5 3. Nf3 e6 4. g3 cxd4 5. Nxd4 d5 6. Bg2 Bb4+ 7. Nc3 0-0 8. 0-0 dxc4 9. Qa4 Qa5 10. Qxa5 Bxa5 11. Rd1 a6 12. Bg5 Nbd7 13. Rac1 h6 14. Bd2 Bb6 15. Be1 Rb8 16. Ne4 Nxe4 17. Bxe4 Nf6 18. Bg2 Rd8 19. Nf3 Rxd1 20. Rxd1 Bd7 21. Ne5 Bb5 22. Rc1 c3 23. bxc3 Bxe2 24. c4 Bd4 25. Nf3 Bxf3 26. Bxf3 b6 27. Bb4 Bc5 28. Bc3 Rd8 29. Kg2 Kf8 30. Rd1 Rxd1 31. Bxd1 Ne4 32. Be1 a5 33. f3 Nd6 34. Be2 Bd4 35. f4 Nb7 36. Bd3 Nc5 37. Bc2 h5 38. Kf3 g6 39. h3 f5 40. g4 hxg4+ 41. hxg4 Ke7 42. Bh4+ Bf6 43. Bf2 Kd6 44. g5 Bc3 45. Bxc5+ bxc5 46. Ba4 Ke7 47. Ke2 Bb2 48. Kd2 Bd4 49. Ke2 Kd8 50. Bb5 Bg7 51. a4 Bf8 52. Kf3 Be7 53. Bc6 e5 54. Bd5 Ke8 55. Kg3 Bd6 56. fxe5 Bxe5+ 57. Kh4 Ke7 58. Bc6 Bc7 59. Bd5 Bd8 60. Bc6 Kd6 61. Be8 Ke5 62. Bxg6 Kf4 63. Kh3 Bxg5 64. Kg2 Bh4 65. Kf1 Ke4 66. Be8 f4 67. Ke2 f3+ 68. Kf1 Kd3 69. Bb5 Bg3 70. Ba6 Bh4 1/2-1/2

[Event "ROM-ch"]
[Site "Eforie Nord"]
[Date "2024.03.02"]
[Round "9"]
[White "Cnejev, Vladimir Alexandru"]
[Black "Manolache, Marius"]
[Result "1-0"]
[WhiteElo "2311"]
[BlackElo "2387"]
[PlyCount "73"]
[EventDate "2024.02.24"]
[EventType "swiss"]
[EventRounds "9"]
[EventCountry "ROU"]
[SourceTitle "CB10_2024"]
[SourceDate "2024.03.06"]
[SourceVersion "1"]
[SourceVersionDate "2024.03.06"]
[SourceQuality "1"]

1. e4 c6 2. d4 Na6 3. Nf3 Nc7 4. Bd3 d6 5. 0-0 g6 6. c3 Bg7 7. h3 Nf6 8. Re1 0-0 9. Nbd2 Nh5 10. Nc4 d5 11. exd5 Nxd5 12. Nce5 Nhf4 13. Bf1 Ne6 14. c4 Nb6 15. b3 a5 16. Bb2 a4 17. Qc2 axb3 18. axb3 Rxa1 19. Bxa1 Nf4 20. Bc3 Nd7 21. Nxd7 Bxd7 22. Bb4 Bf6 23. Qd2 Ne6 24. d5 cxd5 25. cxd5 Nc7 26. Ba5 b6 27. Bxb6 Qb8 28. Bc5 Re8 29. Bc4 Nb5 30. Re2 Nd6 31. Bd4 Rc8 32. Bxf6 exf6 33. Qf4 Qb6 34. Re7 Be8 35. Nd4 Qd8 36. Qxf6 Rc7 37. Ne6 1-0

[Event "Sebes GP op"]
[Site "Sebes"]
[Date "2023.11.04"]
[Round "4"]
[White "Manolache, Marius"]
[Black "Ciorgovean, Iustin"]
[Result "1/2-1/2"]
[WhiteElo "2399"]
[BlackElo "2323"]
[PlyCount "101"]
[EventDate "2023.11.04"]
[EventType "swiss"]
[EventRounds "10"]
[EventCountry "ROU"]
[SourceTitle "CB46_2023"]
[SourceDate "2023.11.15"]
[SourceVersion "1"]
[SourceVersionDate "2023.11.15"]
[SourceQuality "1"]

1. d4 Nf6 2. Bf4 c5 3. e3 Nd5 4. Bxb8 Rxb8 5. dxc5 Qa5+ 6. Nd2 e6 7. a3 Qxc5 8. Ngf3 Nf6 9. Bd3 Be7 10. c4 0-0 11. b4 Qc7 12. Nd4 b6 13. 0-0 a6 14. Rc1 Bb7 15. Re1 Rbc8 16. e4 d6 17. N2b3 Qb8 18. Re3 Qa8 19. Qe2 Rfe8 20. Re1 Nd7 21. Rh3 Ne5 22. f4 Nxd3 23. Qxd3 g6 24. Nf3 b5 25. cxb5 axb5 26. Na5 d5 27. e5 Rc4 28. Qd2 Re4 29. Rf1 Qa7+ 30. Kh1 Rc8 31. f5 h5 32. fxg6 fxg6 33. Qh6 Rg4 34. Rxh5 gxh5 35. Qxe6+ Kh8 36. Qxe7 Rcg8 37. Nxb7 Rxg2 38. Qf6+ R8g7 39. Qf8+ Kh7 40. Qf5+ Kg8 41. Qc8+ Kh7 42. Qf5+ Kg8 43. Nc5 Qxa3 44. Nh4 Qa2 45. Qf8+ Kh7 46. Qf5+ Kg8 47. Qf8+ Kh7 48. Qf5+ Kg8 49. Qh3 Qf2 50. Qxg2 Qa2 51. Qh3 1/2-1/2

[Event "Brasov GP RO"]
[Site "Brasov"]
[Date "2023.07.21"]
[Round "8"]
[White "Manolache, Marius"]
[Black "Moroni, Luca Jr"]
[Result "0-1"]
[WhiteElo "2442"]
[BlackElo "2557"]
[PlyCount "126"]
[EventDate "2023.07.16"]
[EventType "swiss"]
[EventRounds "9"]
[EventCountry "ROU"]
[SourceTitle "CBM 215 Extra"]
[Source "ChessBase"]
[SourceDate "2023.09.30"]
[SourceVersion "1"]
[SourceVersionDate "2023.09.30"]
[SourceQuality "1"]

1. d4 d5 2. Nf3 Nf6 3. c4 e6 4. e3 b6 5. Nc3 Bb7 6. cxd5 exd5 7. Bd3 Nbd7 8. 0-0 Be7 9. Ne5 0-0 10. f4 Ne4 11. Bd2 c5 12. Qe2 f5 13. Rad1 a6 14. a4 Nxe5 15. dxe5 Qd7 16. Bc2 Rad8 17. Bb3 Kh8 18. Nxe4 fxe4 19. Bc3 b5 20. f5 Rxf5 21. Rxf5 Qxf5 22. axb5 axb5 23. Qxb5 Ba8 24. e6 Qxe6 25. Rf1 h6 26. h3 Bd6 27. Qa5 Qe7 28. Rf7 Qxf7 29. Qxd8+ Qf8 30. Qh4 Kh7 31. Qg4 Bc6 32. Bd1 Bb5 33. Be2 Bxe2 34. Qxe2 Bg3 35. Be1 Bxe1 36. Qxe1 Qf6 37. Qc1 Qd6 38. Qc2 h5 39. Kh1 Kh6 40. Kg1 Kg6 41. Qa4 Kf7 42. Qa8 Kf6 43. Qe8 Kg5 44. Qg8 g6 45. Qe8 d4 46. Qxe4 d3 47. h4+ Kh6 48. Qf3 d2 49. Qd1 Qd3 50. Kf2 Kg7 51. b3 Kf6 52. Qf3+ Ke5 53. Qd1 Kd6 54. Kf3 Kc6 55. Kf2 Kb5 56. e4 Kc6 57. e5 Kd7 58. Kg1 Ke6 59. Kh2 Qd4 60. g3 Qf2+ 61. Kh3 Qe1 62. Qf3 d1Q 63. Qf6+ Kd5 0-1

[Event "Brasov GP RO"]
[Site "Brasov"]
[Date "2023.07.17"]
[Round "2"]
[White "Andronescu, Madalin"]
[Black "Manolache, Marius"]
[Result "0-1"]
[WhiteElo "2025"]
[BlackElo "2442"]
[PlyCount "118"]
[EventDate "2023.07.16"]
[EventType "swiss"]
[EventRounds "9"]
[EventCountry "ROU"]
[SourceTitle "CBM 215 Extra"]
[Source "ChessBase"]
[SourceDate "2023.09.30"]
[SourceVersion "1"]
[SourceVersionDate "2023.09.30"]
[SourceQuality "1"]

1. e4 g6 2. d4 Bg7 3. c4 c5 4. d5 d6 5. Nc3 e6 6. Nf3 exd5 7. cxd5 a6 8. a4 Bg4 9. Be2 Bxf3 10. Bxf3 Nf6 11. 0-0 0-0 12. Bf4 Ne8 13. Qc2 Nd7 14. Be2 Rc8 15. Nd1 h5 16. Ra3 Qe7 17. Rb3 Rc7 18. Bd2 c4 19. Rb4 Nc5 20. Nc3 Bxc3 21. Bxc3 Qxe4 22. Qxe4 Nxe4 23. Bd4 N8f6 24. f3 Nxd5 25. Rxc4 Nc5 26. Rd1 Rfc8 27. Bf2 Nb6 28. Rb4 Nbxa4 29. Rxd6 b5 30. Bg3 Rc6 31. Rxc6 Rxc6 32. Rd4 Ne6 33. Rd2 Kf8 34. Bd6+ Ke8 35. Be5 Ke7 36. g4 h4 37. Bd1 f6 38. Bxa4 fxe5 39. Bc2 Nd4 40. Be4 Rc1+ 41. Kf2 g5 42. b4 Ra1 43. Rb2 Kd6 44. Kg2 Ra3 45. Kf2 a5 46. bxa5 Kc5 47. Rb1 Rxa5 48. Rc1+ Kd6 49. Rc8 Ra2+ 50. Kg1 Ne2+ 51. Kf1 Nf4 52. Rc6+ Kd7 53. Rc5 b4 54. Rxe5 Rxh2 55. Rxg5 Rh1+ 56. Kf2 Nh3+ 57. Kg2 Nxg5 58. Bf5+ Kd6 59. Kxh1 Nxf3 0-1

[Event "Brasov GP RO"]
[Site "Brasov"]
[Date "2023.07.16"]
[Round "1"]
[White "Manolache, Marius"]
[Black "Oyberman, Mikhail"]
[Result "1-0"]
[WhiteElo "2442"]
[BlackElo "1612"]
[PlyCount "135"]
[EventDate "2023.07.16"]
[EventType "swiss"]
[EventRounds "9"]
[EventCountry "ROU"]
[SourceTitle "CBM 215 Extra"]
[Source "ChessBase"]
[SourceDate "2023.09.30"]
[SourceVersion "1"]
[SourceVersionDate "2023.09.30"]
[SourceQuality "1"]

1. d4 d5 2. c4 e6 3. Nc3 c5 4. e3 Nf6 5. Nf3 Nc6 6. cxd5 exd5 7. Bb5 Bd6 8. dxc5 Bxc5 9. 0-0 0-0 10. b3 Bg4 11. Be2 Qd6 12. Bb2 Rad8 13. Rc1 a6 14. Nd4 Bxd4 15. Bxg4 Nxg4 16. Qxg4 Bf6 17. Rfd1 Qe6 18. Qf3 Rfe8 19. h3 d4 20. exd4 Nxd4 21. Qg4 Qxg4 22. hxg4 Ne2+ 23. Nxe2 Rxd1+ 24. Rxd1 Rxe2 25. Rc1 h6 26. Rc8+ Kh7 27. Bxf6 gxf6 28. Rc7 Kg6 29. a4 b5 30. axb5 axb5 31. Rb7 Re5 32. f3 f5 33. gxf5+ Rxf5 34. Kf2 Rc5 35. b4 Re5 36. g3 f5 37. Rb6+ Kg7 38. Rd6 h5 39. Rb6 f4 40. gxf4 Rf5 41. Kg3 Kf7 42. Rd6 Kg7 43. Rd4 Kf6 44. Rd8 Kg7 45. Rb8 Kf7 46. Kf2 h4 47. Ke3 Rh5 48. Rb7+ Kf6 49. Rb6+ Kf7 50. Rc6 h3 51. Rc1 h2 52. Rh1 Ke6 53. Kf2 Kd5 54. Kg3 Kc4 55. Kg4 Rh8 56. f5 Kxb4 57. f6 Kc3 58. Kg5 b4 59. f7 b3 60. Rxh2 Rxh2 61. f8Q Rg2+ 62. Kf4 b2 63. Qc5+ Kd2 64. Qb4+ Kc2 65. Qc4+ Kd2 66. Qb3 Kc1 67. Qc3+ Kd1 68. Qd3+ 1-0

[Event "Jupiter FISCA"]
[Site "Jupiter"]
[Date "2023.06.23"]
[Round "8"]
[White "Petkov, Momchil"]
[Black "Manolache, Marius"]
[Result "1/2-1/2"]
[WhiteElo "2512"]
[BlackElo "2454"]
[PlyCount "105"]
[EventDate "2023.06.17"]
[EventType "tourn"]
[EventRounds "9"]
[EventCountry "ROU"]
[EventCategory "7"]
[SourceTitle "CBM 214 Extra"]
[Source "ChessBase"]
[SourceDate "2023.07.31"]
[SourceVersion "1"]
[SourceVersionDate "2023.07.31"]
[SourceQuality "1"]

1. e4 d6 2. d4 Nf6 3. Nc3 g6 4. Be3 a6 5. Qd2 b5 6. f3 h5 7. a4 b4 8. Nd1 a5 9. Nf2 Bg7 10. Ngh3 e6 11. Ng5 Qe7 12. Bb5+ Nfd7 13. f4 0-0 14. 0-0 c6 15. Bd3 c5 16. c3 bxc3 17. bxc3 cxd4 18. cxd4 Nc6 19. Bb5 Nb4 20. Rac1 Ba6 21. Bxa6 Rxa6 22. Rc7 Rc6 23. Rxc6 Nxc6 24. d5 exd5 25. Qxd5 Nb4 26. Qxa5 Nc2 27. Qd2 Nxe3 28. Qxe3 Nc5 29. a5 Ra8 30. Qd2 Bh6 31. h4 Qa7 32. Qd5 Bxg5 33. hxg5 Qxa5 34. f5 Nd7 35. Qxd6 Nf8 36. Qf4 Qb6 37. Kh1 Qd4 38. Nh3 Ra1 39. Rxa1 Qxa1+ 40. Kh2 Qd4 41. Kh1 Qb4 42. Qf3 Qc5 43. Qd3 Qc1+ 44. Kh2 Qc7+ 45. Qg3 Qc5 46. Nf4 gxf5 47. Nd5 fxe4 48. Qe5 Ne6 49. g6 Qf2 50. Nf6+ Kg7 51. Nxe4+ f6 52. Qxe6 Qh4+ 53. Kg1 1/2-1/2

[Event "Jupiter FISCA"]
[Site "Jupiter"]
[Date "2023.06.18"]
[Round "2"]
[White "Manolache, Marius"]
[Black "Ionescu, Constantin"]
[Result "1/2-1/2"]
[WhiteElo "2454"]
[BlackElo "2406"]
[PlyCount "21"]
[EventDate "2023.06.17"]
[EventType "tourn"]
[EventRounds "9"]
[EventCountry "ROU"]
[EventCategory "7"]
[SourceTitle "CBM 214 Extra"]
[Source "ChessBase"]
[SourceDate "2023.07.31"]
[SourceVersion "1"]
[SourceVersionDate "2023.07.31"]
[SourceQuality "1"]

1. d4 Nf6 2. c4 c6 3. Nc3 d5 4. cxd5 cxd5 5. Bf4 Nc6 6. e3 a6 7. Bd3 Bg4 8. Nge2 e6 9. Rc1 Bxe2 10. Qxe2 Bd6 11. Bg3 1/2-1/2

[Event "EU-ch Cities&Town op"]
[Site "Tornelo INT"]
[Date "2023.01.29"]
[Round "?"]
[White "Manolache, Marius"]
[Black "Mastrovasilis, Dimitrios"]
[Result "1-0"]
[WhiteElo "2454"]
[BlackElo "2605"]
[PlyCount "51"]
[EventDate "2023.01.29"]
[EventType "team-swiss"]
[EventRounds "9"]
[EventCountry "NET"]
[SourceTitle "CBM 212 Extra"]
[Source "ChessBase"]
[SourceDate "2023.03.31"]
[SourceVersion "1"]
[SourceVersionDate "2023.03.31"]
[SourceQuality "1"]
[WhiteTeam "Galati CSM"]
[BlackTeam "Thessaloniki"]
[WhiteTeamCountry "ROU"]
[BlackTeamCountry "GRE"]

1. d4 d5 2. Nf3 Nf6 3. c4 e6 4. Nc3 dxc4 5. e3 a6 6. a4 b6 7. Bxc4 Bb7 8. Qe2 Bb4 9. 0-0 0-0 10. Rd1 Qe7 11. Bd3 c5 12. Na2 Nc6 13. e4 cxd4 14. e5 Nd5 15. Bxh7+ Kxh7 16. Ng5+ Kg6 17. Qe4+ f5 18. exf6+ Kxf6 19. Rd3 g6 20. Rf3+ Kg7 21. Nxe6+ Qxe6 22. Qxe6 Rae8 23. Bh6+ Kxh6 24. Qxd5 Rxf3 25. Qxf3 Bc5 26. b4 1-0

[Event "EU-ch Cities&Town op"]
[Site "Tornelo INT"]
[Date "2023.01.29"]
[Round "?"]
[White "Manolache, Marius"]
[Black "Nguyen, Thai Dai Van"]
[Result "0-1"]
[WhiteElo "2454"]
[BlackElo "2656"]
[PlyCount "76"]
[EventDate "2023.01.29"]
[EventType "team-swiss"]
[EventRounds "9"]
[EventCountry "NET"]
[SourceTitle "CBM 212 Extra"]
[Source "ChessBase"]
[SourceDate "2023.03.31"]
[SourceVersion "1"]
[SourceVersionDate "2023.03.31"]
[SourceQuality "1"]
[WhiteTeam "Galati CSM"]
[BlackTeam "Praha op"]
[WhiteTeamCountry "ROU"]
[BlackTeamCountry "CZE"]

1. d4 Nf6 2. Bg5 d5 3. Bxf6 gxf6 4. Nf3 c5 5. c4 e5 6. dxe5 d4 7. exf6 Qxf6 8. Nbd2 Nc6 9. g3 Bd7 10. Bg2 0-0-0 11. 0-0 h5 12. h4 Qg6 13. a3 Rg8 14. Ng5 f6 15. Nh3 Bh6 16. Ne4 Bg4 17. Nxc5 Qf5 18. Nxb7 Kxb7 19. Qa4 Rd6 20. Kh2 Bxe2 21. b4 Bf3 22. c5 Re6 23. Bxf3 Qxf3 24. b5 Ne5 25. c6+ Ka8 26. Qa6 Rb8 27. c7 Rxa6 28. cxb8Q+ Kxb8 29. bxa6 Ng4+ 30. Kg1 Be3 31. Rab1+ Kc8 32. Rfc1+ Bxc1 33. Rxc1+ Kd7 34. Rb1 d3 35. Rb2 Qd1+ 36. Kg2 d2 37. Rb7+ Kc6 38. Rxa7 Qe2 0-1

[Event "EU-ch Cities&Town op"]
[Site "Tornelo INT"]
[Date "2023.01.29"]
[Round "?"]
[White "Tarhan, Adar"]
[Black "Manolache, Marius"]
[Result "0-1"]
[WhiteElo "2321"]
[BlackElo "2454"]
[PlyCount "102"]
[EventDate "2023.01.29"]
[EventType "team-swiss"]
[EventRounds "9"]
[EventCountry "NET"]
[SourceTitle "CBM 212 Extra"]
[Source "ChessBase"]
[SourceDate "2023.03.31"]
[SourceVersion "1"]
[SourceVersionDate "2023.03.31"]
[SourceQuality "1"]
[WhiteTeam "Istanbul"]
[BlackTeam "Galati CSM"]
[WhiteTeamCountry "TUR"]
[BlackTeamCountry "ROU"]

1. e4 c5 2. Nf3 e6 3. d4 cxd4 4. Nxd4 Nc6 5. Nc3 Qc7 6. g3 a6 7. Bg2 Nf6 8. 0-0 Be7 9. Be3 0-0 10. Nb3 d6 11. Qe2 b5 12. f4 Bb7 13. Rad1 Rac8 14. a3 Nd7 15. Bh3 Bf6 16. f5 Rce8 17. fxe6 fxe6 18. Qd3 Be5 19. Ne2 Nf6 20. Nf4 Nd8 21. Bg2 Nf7 22. Nd4 Bxd4 23. Bxd4 e5 24. Bc3 exf4 25. Bxf6 gxf6 26. gxf4 Kh8 27. Kh1 Rg8 28. Bf3 Qe7 29. Rde1 Rg7 30. Qc3 Nd8 31. e5 Bxf3+ 32. Rxf3 dxe5 33. fxe5 f5 34. Rxf5 Ne6 35. Ref1 Reg8 36. Rf6 Qb7+ 37. Qf3 Qxf3+ 38. R6xf3 Nd4 39. R3f2 Re7 40. Rd2 Nc6 41. Rd6 Nxe5 42. Rxa6 Nc4 43. b4 Re2 44. a4 bxa4 45. Rxa4 Nd2 46. Rg1 Nf3 47. Rxg8+ Kxg8 48. Ra8+ Kg7 49. Ra7+ Kg6 50. Ra6+ Kh5 51. Ra5+ Kh4 0-1